Vista normal Vista MARC

Entrada Topical Term

Número de registros utilizados en: 1

001 - CONTROL NUMBER

  • control field: 10062

003 - CONTROL NUMBER IDENTIFIER

  • control field: OSt

005 - DATE AND TIME OF LATEST TRANSACTION

  • control field: 20200909161149.0

008 - FIXED-LENGTH DATA ELEMENTS

  • fixed length control field: 200909|| aca||aabn | a|a d

040 ## - CATALOGING SOURCE

  • Original cataloging agency: OSt
  • Transcribing agency: OSt

150 ## - HEADING--TOPICAL TERM

  • Topical term or geographic name entry element: Criminología
  • General subdivision: ensayos, conferencias, etc

670 ## - SOURCE DATA FOUND

  • Source citation: Work cat.: (OSt)3681: Martínez Sánchez, Mauricio, autor 10061, La abolición del sistema penal : , 1995